000 00452nam a22001697a 4500
005 20251108171223.0
008 250721s1982 xx 000 0 ara d
082 1 4 _a210.433015/سيد
100 1 _aقطب، سيد
245 1 0 _aمعركة الإسلام و الرأسمالية /
250 _aط9
264 1 _aبيروت :
_bدار الشروق،
_c1982.
300 _a122 ص
650 1 7 _aالإسلام
942 _2ddc
_cBK
999 _c59664
_d59664